00614nam a22001812 4500001001100000005001700011008004100028020002800069040001500097050002300112100003500135245006100170260004700231300002500278650004400303650004200347650004300389000000058320151217151750.0070212s xx 000 0 eng d a0802804268 :cKES 2,200 aKABUcKABU 0aBR115b.C8N49 19891 aNewbigin, Lesslie.@000014881514aThe Gospel in a pluralistic society /cLesslie Newbigin. aGrand Rapids, MI :bW. B. Eerdmans,c1989. axi, 252 p. ;c23 cm. 0aChristianityy20th century.@0000083642 0aChristianity and culture.@0000148811 0aApologeticsy20th century.@0000148816